000 01529nam a2200457 i 4500
001 24775
003 KOSZ 005
005 20200714120726.0
008 980702s1996 pl a f f |000 0 pol
015 _aPB 1996/15593
020 _a8301120215
040 _aWA N
_cWA N
_dKOSZ 005/HR
046 _k1996
080 _a336.76
080 _a336.78
080 _a(07)
100 1 _aJajuga, Krzysztof
_d(1956- )
_eAutor
245 1 0 _aInwestycje :
_binstrumenty finansowe, ryzyko finansowe, inżynieria finansowa /
_cKrzysztof Jajuga, Teresa Jajuga.
260 _aWarszawa :
_bWydawnictwo Naukowe PWN,
_c1996.
300 _a230, [2] s. :
_bwykr. ;
_c24 cm.
336 _2rdacontent
_aTekst
_btxt
337 _2rdamedia
_aBez urządzenia pośredniczącego
_bn
338 _2rdacarrier
_aWolumin
_bnc
380 _aKsiążki
380 _aPublikacje fachowe
388 _a1901-2000
388 _a1989-2000
504 _aBibliogr. s. 223-224.
650 4 _aInstrumenty finansowe
650 4 _aPapiery wartościowe
650 4 _aInwestycje
650 4 _aRynek kapitałowy
650 4 _aRyzyko inwestycyjne
655 4 _aPodręcznik
658 _aGospodarka, ekonomia, finanse
700 1 _aJajuga, Teresa
_d(1954- )
_eAutor
710 2 _aWydawnictwo Naukowe PWN
_4pbl.
856 _uhttp://koha.tu.koszalin.pl/cgi-bin/koha/opac-detail.pl?biblionumber=24775
_yKatalog online BPK
856 _uhttp://libra.ibuk.pl/book/347
_yIBUK
942 _2UKD
_cKS
999 _c24775
_d24775